Online Public Access Catalogue

Multiple choice questions in surgery (Record no. 5905)

MARC details
000 -LEADER
fixed length control field 00336nam a2200133Ia 4500
020 ## - INTERNATIONAL STANDARD BOOK NUMBER
International Standard Book Number 9788131209080
082 ## - DEWEY DECIMAL CLASSIFICATION NUMBER
Classification number 617.0076
Author Mark TAN
100 ## - MAIN ENTRY--PERSONAL NAME
Author Name Tandon,Vivek.
245 #0 - TITLE STATEMENT
Title Multiple choice questions in surgery
260 ## - PUBLICATION, DISTRIBUTION, ETC.
Place of publication, distribution, etc. New delhi
Name of publisher, distributor, etc. Elsevier
Date of publication, distribution, etc. 2007
300 ## - PHYSICAL DESCRIPTION
No of Pages 560.P
650 ## - SUBJECT ADDED ENTRY--TOPICAL TERM
Subject Surgery
Keywords examination question
-- imdc
942 ## - ADDED ENTRY ELEMENTS (KOHA)
Koha item type Books
Source of classification or shelving scheme
Holdings
Item status Home library Current library Shelving location Date acquired Total Checkouts Full call number Barcode Date last seen Date last checked out Koha item type
  Islamabad Medical and Dental College Islamabad Medical and Dental College Islamabad Medical and Dental College 16/03/2018 1 617.0076 TAN 7657 04/09/2018 30/03/2018 Books
  Islamabad Medical and Dental College Islamabad Medical and Dental College Islamabad Medical and Dental College 16/03/2018   617.0076 TAN 7692 16/03/2018   Books

Copyright @ IMDC Library
Islamabad Medical and Dental College
Bhara Kahu, Islamabad

  Contact the Librarian, IMDC
  Email:: library@imdcollege.edu.pk

  OPAC Customized by
  Mazhar Hussain,
  Librarian:
  Islamabad Medical and Dental College
  Email:: library@imdcollege.edu.pk